March Madness 2025 - Statistics

General Stats
  • This quiz has been taken 59 times
  • The average score is 44 of 64
Answer Stats
Answer % Correct
1 Duke
98%
1 Auburn
96%
11 Texas / Xavier
96%
1 Florida
93%
1 Houston
93%
5 Michigan
93%
2 Michigan St.
93%
2 Alabama
89%
11 San Diego St. / North Carolina
85%
8 UConn
85%
9 Creighton
83%
2 St. John's
83%
6 Illinois
80%
3 Kentucky
80%
2 Tennessee
80%
8 Louisville
78%
4 Purdue
78%
4 Texas A&M
78%
3 Texas Tech
78%
9 Georgia
76%
8 Gonzaga
76%
5 Oregon
76%
16 Alabama St. / St. Francis
74%
3 Iowa St.
74%
7 Marquette
74%
16 American / Mount St. Mary's
72%
4 Arizona
72%
5 Clemson
72%
7 Kansas
72%
9 Oklahoma
72%
7 UCLA
72%
10 Arkansas
70%
7 St. Mary's
70%
12 UC San Diego
70%
11 Drake
67%
4 Maryland
67%
3 Wisconsin
67%
9 Baylor
65%
12 Colorado St.
65%
12 McNeese
63%
10 New Mexico
63%
6 BYU
61%
6 Missouri
61%
6 Ole Miss
61%
10 Utah St.
61%
13 Yale
61%
5 Memphis
59%
10 Vanderbilt
59%
11 VCU
59%
13 High Point
54%
8 Mississippi St.
54%
15 Wofford
54%
14 Lipscomb
52%
15 Omaha
52%
14 Troy
52%
15 Bryant
50%
12 Liberty
50%
13 Akron
48%
13 Grand Canyon
48%
16 Norfolk St.
48%
14 Montana
46%
15 Robert Morris
46%
16 SIU Edwardsville
46%
14 UNC Wilmington
43%
No matching quizzes found
Score Distribution
Percent of People with Each Score
Percentile by Number Answered
Your Score History
You have not taken this quiz